The Guanches of Tenerife: The Holy Image of Our Lady of Candelaria and the spanish conquest and settlement, by the Friar Alonso de Espinosa of the Order of Preachers. Translated and edited, with notes and an Introduction, by Sir Clements Markham, K.C.B, President of the Hakluyt Society

Saved in:
Bibliographic Details
Main Author: Espinosa, Alonso de (Author)
Format: Book
Language:English
Published: Londres Hakluyt Society 1907
Edition:2a. ed
Series:Hakluyt Society, Second series, 21
Subjects:
Tags: Add Tag
No Tags, Be the first to tag this record!

MARC

LEADER 00000nam a2200000 a 4500
001 UCJ5697
003 CL-VaPUC
008 070124e19070000UK |||||||||||||||||eng|d
082 0 4 |a 910.4  |b ESP  |2 21 
100 0 |a Espinosa, Alonso de  |e author  |9 511278 
245 1 4 |a The Guanches of Tenerife: The Holy Image of Our Lady of Candelaria and the spanish conquest and settlement, by the Friar Alonso de Espinosa of the Order of Preachers. Translated and edited, with notes and an Introduction, by Sir Clements Markham, K.C.B, President of the Hakluyt Society 
246 1 4 |a The origin and miracles of The Holy Image of Our Lady of Candelaria, wich appeared in the island of Tenerife; with a description of that island. Composed by the Father Friar Alonso de Espinosa, of the Order of Preachers and preacher of Candelaria. Seville, 1594 
250 |a 2a. ed 
300 |a xxvi, 221 p 
942 |c BK 
945 |d 20070124 00:00:00  |a rinostro 
260 |a Londres  |b Hakluyt Society  |c 1907 
500 |a Front., Imagen de la Virgen de la Candelaria, grabado; mapas e ilustraciones conforme a índice 
600 0 7 |a VIRGEN DE LA CANDELARIA  |2 CL-VaPUC  |9 508850 
600 0 7 |a LUGO, ALFONSO DE  |2 CL-VaPUC  |9 511279 
650 0 |a Viajes  |9 257115 
650 0 |a Descubrimientos geográficos  |9 331933 
650 0 |a Geografía  |9 259346 
650 0 |a Aborígenes  |9 329972 
650 7 |a GUANCHES  |2 CL-VaPUC  |9 511280 
650 0 |a Etnografía   |9 309735 
650 0 |a Cultura  |9 269059 
650 0 |a Recursos naturales  |9 255232 
650 7 |a DEVOCIONES MARIANAS  |2 CL-VaPUC  |9 507213 
650 7 |a MILAGROS  |2 CL-VaPUC  |9 334044 
650 7 |a GLOSARIO GUANCHE INGLES  |2 CL-VaPUC  |9 511281 
650 0 |a Mapas  |9 260844 
650 0 |a Ilustraciones  |9 369481 
650 7 |a FACSIMILES  |2 CL-VaPUC  |9 460925 
651 7 |a ISLAS CANARIAS  |2 CL-VaPUC  |9 401326 
651 7 |a TENERIFE  |2 CL-VaPUC  |9 511027 
583 |a last modification  |c 20070124 00:00:00  |k Rodrigo Vera 
490 0 |a Hakluyt Society, Second series, 21 
999 |c 321806  |d 321804 
952 |0 0  |1 0  |4 0  |6 910_400000000000000_ESP_1907  |7 0  |8 X  |9 400657  |a FDOBUD  |b FDOBUD  |d 2019-11-22  |i 1038346  |o 910.4 ESP 1907  |p 1038346  |r 2019-11-22  |w 2019-11-22  |y BK_X  |k BUD